| 000 | 00881nam a2200241 i 4500 | ||
|---|---|---|---|
| 999 |
_c7775 _d7775 |
||
| 001 | 991058478168306706 | ||
| 003 | OSt | ||
| 005 | 20230921181534.0 | ||
| 006 | m o d | | ||
| 007 | cr ||||||||||| | ||
| 008 | 201029s2019 sp a ob 000 0 spa d | ||
| 040 |
_aCDMR _cCDMR _bcat |
||
| 100 | 1 |
_aDíaz Noci, Javier _93204 |
|
| 245 | 1 | 0 |
_aPropiedad intelectual e información digital : _buna aproximación jurídica [recurs electrònic] / _c Javier Díaz-Noci |
| 260 |
_aBarcelona : _bUPF. Departament de Comunicació, _c2021 |
||
| 300 | _a1 recurs electrònic (58 pàgines) | ||
| 490 |
_aDigiDoc Reports _v; 97 |
||
| 650 | 0 |
_aDrets d'autor _93160 |
|
| 650 | 0 |
_aPeriodisme digital _93076 _xDret i legislació |
|
| 710 | 2 |
_9619 _aUniversitat Pompeu Fabra _b. Departament de Comunicació |
|
| 856 |
_zAccés en línia _uhttp://hdl.handle.net/10230/47635 |
||
| 942 |
_2udc _cLLIBRE-E |
||